ՀՀ Գիտությունների ազգային ակադեմիայի հիմնարար գիտական գրադարան  =   Fundamental Scientific Library of NAS RA

О взаимоотношениях между психической и соматической сферами в клинике внутренних болезней = (Record no. 459652)

MARC details
000 -LEADER
fixed length control field 01336nam a2200241 a 4500
001 - CONTROL NUMBER
control field 000274357
003 - CONTROL NUMBER IDENTIFIER
control field AM-YEHGA
005 - DATE AND TIME OF LATEST TRANSACTION
control field 20250618075406.0
008 - FIXED-LENGTH DATA ELEMENTS--GENERAL INFORMATION
fixed length control field 031021s1961 ai ||||gr|||||||||0|rusxd
040 ## - CATALOGING SOURCE
Original cataloging agency AM-YeHGA
041 0# - LANGUAGE CODE
Language code of text/sound track or separate title rus
090 ## - LOCALLY ASSIGNED LC-TYPE CALL NUMBER (OCLC); LOCAL CALL NUMBER (RLIN)
-- 462723
100 1# - MAIN ENTRY--PERSONAL NAME
Personal name Հովհաննիսյան, Լևոն Անդրեասի,
Dates associated with a name 1885-1970
9 (RLIN) 1979
245 10 - TITLE STATEMENT
Title О взаимоотношениях между психической и соматической сферами в клинике внутренних болезней =
Remainder of title Հոգեկան և սոմատիկ ոլորտների փոխհարաբերության մասին ներքին հիվանդությունների կլինիկայում /
Statement of responsibility, etc. Л.А. Оганесян; АН АрмССР, Ин-т кардиологии.
246 31 - VARYING FORM OF TITLE
Title proper/short title Հոգեկան և սոմատիկ ոլորտների փոխհարաբերության մասին ներքին հիվանդությունների կլինիկայում
260 ## - PUBLICATION, DISTRIBUTION, ETC.
Place of publication, distribution, etc. Ереван :
Name of publisher, distributor, etc. Изд-во АН АрмССР,
Date of publication, distribution, etc. 1961.
300 ## - PHYSICAL DESCRIPTION
Extent 464 с. :
Other physical details ил. ;
Dimensions 23 см.
504 ## - BIBLIOGRAPHY, ETC. NOTE
Bibliography, etc. note Библиогр.: с. 413-445
650 14 - SUBJECT ADDED ENTRY--TOPICAL TERM
Topical term or geographic name entry element Медицина
650 14 - SUBJECT ADDED ENTRY--TOPICAL TERM
Topical term or geographic name entry element Нервно-психическая деятельность
710 2# - ADDED ENTRY--CORPORATE NAME
Corporate name or jurisdiction name as entry element Институт кардиологии АН Армянской ССР
942 ## - ADDED ENTRY ELEMENTS (KOHA)
Source of classification or shelving scheme Universal Decimal Classification
Koha item type Գրքեր / Books
Holdings
Withdrawn status Lost status Source of classification or shelving scheme Damaged status Not for loan Collection Home library Current library Date acquired Total checkouts Full call number Barcode Date last seen Price effective from Koha item type Public note
    Universal Decimal Classification     General Fundamental Scientific Library Fundamental Scientific Library 22/03/2021   PII/47534 FL0644044 22/03/2021 22/03/2021 Գրքեր / Books 30 Days Loan
    Universal Decimal Classification     General Fundamental Scientific Library Fundamental Scientific Library 29/03/2021   PII/48253 FL0644446 29/03/2021 29/03/2021 Գրքեր / Books 30 Days Loan
    Universal Decimal Classification     General Fundamental Scientific Library Fundamental Scientific Library 30/03/2021   PII/48503 FL0645137 30/03/2021 30/03/2021 Գրքեր / Books 30 Days Loan
    Universal Decimal Classification     General Fundamental Scientific Library Fundamental Scientific Library 30/03/2021   PII/48504 FL0645138 30/03/2021 30/03/2021 Գրքեր / Books 30 Days Loan
    Universal Decimal Classification     General Fundamental Scientific Library Fundamental Scientific Library 30/03/2021   PII/48505 FL0645139 30/03/2021 30/03/2021 Գրքեր / Books 30 Days Loan


ՀՀ ԳԱԱ հիմնարար գիտական գրադարան
ՀՀ,Երևան 0019
Մարշալ Բաղրամյան 24/6
հեռախոս:(374-10) 52-47-50
Հետադարձ կապ

All site content, except where otherwise noted, is licensed under a
Creative Commons License